000 00762nam a22002297a 4500
003 UA-OsUOA
001 93242
007 ta
008 20130116b un ||||| |||| 00| 0 ukr d
090 _a012:82-09
_bД72
942 _cBK
040 _aUA-OsUOA
_bukr
_cUA-OsUOA
_dUA-OsUOA
245 _aІван Драч. Література. Кінематограф. Політика
_bбіобібліографічний покажчик
_cупоряд. Г. В. Волянська, Л. А. Кухар
300 _a532 с.
955 _a1
041 _aukr
080 _a012:82-09
020 _a978-966-2044-57-7
260 _aК.
_bОснова
_c2011
650 7 _a01 Бібліографія і бібліографії. Каталоги
_2UDC
999 _c379456
_d379456